[Event "9th Sunway Sitges 2022"]
[Site "Sitges ESP"]
[Date "2022.12.16"]
[Round "5.98"]
[White "Sai Agni Jeevitesh, J"]
[Black "Morais, Miguel Almeida"]
[Result "1-0"]
[WhiteTitle "IM"]
[WhiteElo "2226"]
[BlackElo "1844"]
[WhiteFideId "5070147"]
[BlackFideId "1960687"]
[EventDate "2022.12.12"]

1. d4 d5 2. Nf3 Nf6 3. c3 c5 4. dxc5 e6 5. b4 a5 6. e3 axb4 7. cxb4 b6 8. Bb5+
Bd7 9. Bxd7+ Nfxd7 10. a4 bxc5 11. b5 Be7 12. Bb2 O-O 13. O-O Bf6 14. Bxf6 Nxf6
15. Nbd2 Nbd7 16. Qc2 Qc7 17. h3 h6 18. e4 Rfc8 19. exd5 exd5 20. Rfb1 Re8 21.
a5 Ne4 22. b6 Qb7 23. Nxe4 Rxe4 24. Nd2 Ree8 25. Qa4 Ra6 26. Qb5 Rea8 27. Nb3 c4
28. Nc5 Nxc5 29. Qxc5 Rc8 30. Qd4 Qc6 31. Ra3 Rca8 32. Qf4 Qf6 33. Qc7 Qd8 34.
Qc6 Kh7 35. Rb5 Rc8 36. Qxd5 Qxd5 37. Rxd5 c3 38. Rd1 c2 39. Rc1 Rc5 40. Rb3
Rcxa5 41. Rxc2 Ra3 42. Rbb2 1-0

[Event "9th Sunway Sitges 2022"]
[Site "Sitges ESP"]
[Date "2022.12.16"]
[Round "5.99"]
[White "Bryant, Harry"]
[Black "Dahale, Atul"]
[Result "0-1"]
[BlackTitle "CM"]
[WhiteElo "1510"]
[BlackElo "2222"]
[WhiteFideId "489158"]
[BlackFideId "5037794"]
[EventDate "2022.12.12"]

1. e4 d6 2. d4 Nf6 3. Nc3 g6 4. Nf3 Bg7 5. Be2 O-O 6. O-O Nbd7 7. e5 Ne8 8. e6
fxe6 9. Ng5 Ndf6 10. Bf3 c6 11. Re1 Nc7 12. Qd3 Qe8 13. h4 Nfd5 14. h5 Nf4 15.
Bxf4 Rxf4 16. hxg6 Qxg6 17. Ne2 Qxd3 18. cxd3 Rf5 19. Ne4 Nb5 20. Bg4 Rf4 21. f3
Nxd4 22. N2c3 Nc2 0-1

[Event "9th Sunway Sitges 2022"]
[Site "Sitges ESP"]
[Date "2022.12.16"]
[Round "5.100"]
[White "Wagh, Suyog"]
[Black "Butolo, Alexandru-Mircea"]
[Result "1-0"]
[WhiteTitle "FM"]
[BlackTitle "CM"]
[WhiteElo "2376"]
[BlackElo "2043"]
[WhiteFideId "25071688"]
[BlackFideId "1261649"]
[EventDate "2022.12.12"]

1. d4 Nf6 2. c4 e6 3. g3 d5 4. Bg2 c6 5. Nd2 Be7 6. Ngf3 O-O 7. O-O b6 8. Qc2
Nbd7 9. e4 dxe4 10. Nxe4 Bb7 11. Rd1 Qc8 12. Nc3 Rd8 13. Qe2 Nf8 14. Ne5 c5 15.
d5 exd5 16. cxd5 Bd6 17. Nc4 Ng6 18. Bg5 Qf5 19. Bxf6 Qxf6 20. Ne4 Qe7 21. Qh5
Be5 22. d6 Qe8 23. Ng5 Bxg2 24. Qxh7+ Kf8 25. Kxg2 Qc6+ 26. Kg1 Bxd6 27. Rd3 Bc7
28. Rf3 Rd7 29. Re1 Re8 30. Rxe8+ Kxe8 31. Qg8+ Nf8 32. Re3+ 1-0

[Event "9th Sunway Sitges 2022"]
[Site "Sitges ESP"]
[Date "2022.12.16"]
[Round "5.101"]
[White "Garcia Molina, Jose"]
[Black "Vignesh, B"]
[Result "0-1"]
[WhiteTitle "FM"]
[WhiteElo "2357"]
[BlackElo "2032"]
[WhiteFideId "32030592"]
[BlackFideId "35051555"]
[EventDate "2022.12.12"]

1. Nf3 Nf6 2. g3 g6 3. d4 Bg7 4. Bg2 c5 5. d5 d6 6. O-O b5 7. Re1 O-O 8. a4 b4
9. e4 Bg4 10. h3 Bxf3 11. Qxf3 a5 12. Nd2 Nbd7 13. Qe2 Nb6 14. Ra2 Re8 15. b3 e6
16. dxe6 Rxe6 17. Bb2 Nfd5 18. Bxg7 Kxg7 19. Raa1 Nc3 20. Qd3 Rc8 21. h4 Re8 22.
h5 Qf6 23. Nf1 Nd7 24. Nh2 gxh5 25. Bh3 Ne5 26. Qe3 Rcd8 27. Bf5 d5 28. f3 Ng6
29. g4 dxe4 30. fxe4 hxg4 31. Nxg4 Qd4 32. Kf1 Qxe3 33. Rxe3 h5 34. Nf2 Rd2 35.
Nd3 Rxc2 36. Nxc5 Rd8 37. e5 Nd5 38. Bxc2 Nxe3+ 39. Ke2 Nxc2 40. Rc1 Nd4+ 41.
Ke3 Ne6 42. Nb7 Rd5 0-1

[Event "9th Sunway Sitges 2022"]
[Site "Sitges ESP"]
[Date "2022.12.16"]
[Round "5.102"]
[White "Krasteva, Beloslava"]
[Black "Le Pen, Steven"]
[Result "1-0"]
[WhiteTitle "FM"]
[WhiteElo "2350"]
[BlackElo "2038"]
[WhiteFideId "2922029"]
[BlackFideId "612197"]
[EventDate "2022.12.12"]

1. d4 Nf6 2. Nf3 g6 3. Bg5 Bg7 4. Nbd2 d5 5. e3 O-O 6. Be2 c5 7. c3 b6 8. O-O
Bb7 9. b4 cxb4 10. cxb4 Ne4 11. Nxe4 dxe4 12. Nd2 h6 13. Bh4 Nd7 14. Qb3 g5 15.
Bg3 e5 16. Rad1 exd4 17. exd4 Nf6 18. Nc4 Qd5 19. Qb1 Rfd8 20. Be5 Qe6 21. Ne3
Bd5 22. a3 Ba2 23. Qa1 Bd5 24. Rc1 Bf8 25. Bb5 Bb7 26. Rc7 a6 27. Bc4 Bd5 28.
Bxf6 Bxc4 29. d5 Bxd5 30. Bxd8 Rxd8 31. Rd1 Bg7 32. Qc1 Be5 33. Rc2 Rd6 34. Nxd5
Rxd5 35. Rxd5 Qxd5 36. Rd2 Qe6 37. g3 Qg4 38. Rd8+ Kg7 39. Qe3 b5 40. Qc5 Qf5
41. Re8 f6 42. Qe7+ Kg6 43. Rg8+ Kh5 44. Qf7+ Kg4 45. h3+ 1-0

[Event "9th Sunway Sitges 2022"]
[Site "Sitges ESP"]
[Date "2022.12.16"]
[Round "5.103"]
[White "Khandhar, Kaushal"]
[Black "Meister, Peter"]
[Result "0-1"]
[BlackTitle "IM"]
[WhiteElo "2020"]
[BlackElo "2347"]
[WhiteFideId "5702763"]
[BlackFideId "4600207"]
[EventDate "2022.12.12"]

1. d4 g6 2. Nc3 Bg7 3. e4 d6 4. Be3 a6 5. h4 Nf6 6. h5 Nxh5 7. Rxh5 gxh5 8. Qxh5
e6 9. O-O-O Nd7 10. e5 h6 11. f4 Qe7 12. Bf2 dxe5 13. dxe5 b6 14. Bc4 O-O 15. g4
f6 16. Qh1 Rb8 17. Qc6 Kh8 18. Qxe6 Qxe6 19. Bxe6 Nc5 20. Bxc5 bxc5 21. Bxc8
Rbxc8 22. e6 f5 23. Nd5 fxg4 24. Ne7 Rce8 25. Ng6+ Kh7 26. Nxf8+ Rxf8 27. e7 Re8
28. Rd7 Bf6 29. Rxc7 Rxe7 30. Rc6 Bd4 0-1

[Event "9th Sunway Sitges 2022"]
[Site "Sitges ESP"]
[Date "2022.12.16"]
[Round "5.104"]
[White "Dietrich, Peter"]
[Black "Lim, Zhuo Ren"]
[Result "1-0"]
[BlackTitle "FM"]
[WhiteElo "2015"]
[BlackElo "2305"]
[WhiteFideId "1674897"]
[BlackFideId "5702488"]
[EventDate "2022.12.12"]

1. e4 c5 2. Nf3 e6 3. d4 cxd4 4. Nxd4 Nc6 5. c3 a6 6. Bd3 Qc7 7. O-O Nf6 8. Be3
Ne5 9. f4 Nxd3 10. Qxd3 Be7 11. Kh1 d6 12. Nd2 Bd7 13. Rae1 h5 14. Bg1 g6 15. c4
h4 16. h3 Nh5 17. Bh2 Qb6 18. Qc3 Rh7 19. N2f3 Rc8 20. b3 Qc5 21. Qd3 Kf8 22.
Ng5 Bxg5 23. fxg5 e5 24. Ne2 b5 25. Rc1 Kg7 26. Qf3 Kh8 27. Rfd1 Qa3 28. Qd3
Ng3+ 29. Nxg3 hxg3 30. Bxg3 Rc6 31. Bxe5+ Kg8 32. Bxd6 Qxa2 33. Rc2 bxc4 34.
bxc4 Qa4 35. Be7 Be8 36. Bf6 Re6 37. e5 Rh4 38. c5 Kh7 39. Rdc1 Rd4 40. Qe2 Bb5
41. Qf2 Rf4 42. Qg3 Bc6 43. Rd2 Re8 44. Rd6 Re4 45. Rcd1 a5 46. Qf2 Rb8 47. Rd8
Reb4 48. R1d4 Rxd4 49. Rxd4 Qa1+ 50. Kh2 Bf3 51. gxf3 Rb2 52. Rh4+ Kg8 53. Rh8# 1-0

[Event "9th Sunway Sitges 2022"]
[Site "Sitges ESP"]
[Date "2022.12.16"]
[Round "5.105"]
[White "Oswaldo Valentin, Requejo Cotrin"]
[Black "Alfonso Pellisa, Aaron"]
[Result "1-0"]
[WhiteTitle "FM"]
[WhiteElo "2248"]
[BlackElo "2018"]
[WhiteFideId "3800423"]
[BlackFideId "24593486"]
[EventDate "2022.12.12"]

1. e4 e5 2. Nf3 Nc6 3. Bc4 Nf6 4. d4 exd4 5. O-O Nxe4 6. Re1 d5 7. Bxd5 Qxd5 8.
Nc3 Qd7 9. Nxe4 Be7 10. Bg5 O-O 11. Bxe7 Qxe7 12. Nxd4 Bd7 13. Nb3 Bc8 14. Qf3
f5 15. Nc3 Qf7 16. Qf4 b6 17. Nb5 a6 18. Qxc7 axb5 19. Qxc6 Bd7 20. Qd6 Rfe8 21.
h3 f4 22. Rxe8+ Rxe8 23. Rd1 Bf5 24. Nd4 Bc8 25. Nf3 Bb7 26. Rd4 Qxa2 27. Qc7
Qa8 28. Rxf4 Bc6 29. Qf7+ Kh8 30. Ne5 h6 31. Rg4 Rg8 32. Ng6+ Kh7 33. Qf5 Re8
34. Ne5+ Kg8 35. Qh7+ 1-0

[Event "9th Sunway Sitges 2022"]
[Site "Sitges ESP"]
[Date "2022.12.16"]
[Round "5.106"]
[White "Gaboyan, Susanna"]
[Black "Ramos Aguilar, Jose Manuel"]
[Result "1-0"]
[WhiteTitle "WIM"]
[WhiteElo "2200"]
[BlackElo "2008"]
[WhiteFideId "13303627"]
[BlackFideId "2221390"]
[EventDate "2022.12.12"]

1. Nf3 Nf6 2. g3 g6 3. Bg2 Bg7 4. O-O O-O 5. d3 d5 6. Nbd2 Nc6 7. e4 e5 8. exd5
Nxd5 9. Nc4 h6 10. Re1 Re8 11. c3 Nb6 12. Ne3 Be6 13. Nc2 Qd7 14. b4 a6 15. Be3
Rad8 16. d4 Bg4 17. Qc1 exd4 18. Ncxd4 Nxd4 19. cxd4 Bxf3 20. Bxf3 c6 21. Rd1
Kh7 22. h4 Nd5 23. Kg2 h5 24. Bg5 Rc8 25. Rb1 Qf5 26. Qd2 Re6 27. Qd3 Qxd3 28.
Rxd3 Rce8 29. a4 Re1 30. Rxe1 Rxe1 31. b5 Ra1 32. bxc6 bxc6 33. Bd1 Nb6 34. Bb3
Nd5 35. Bd8 Rb1 36. a5 Nb4 37. Rf3 f5 38. Bb6 Rb2 39. Re3 Nc2 40. Bxc2 Rxc2 41.
Re7 Kg8 42. Ra7 Bf6 43. Rxa6 f4 44. Ra8+ Kf7 45. a6 1-0

[Event "9th Sunway Sitges 2022"]
[Site "Sitges ESP"]
[Date "2022.12.16"]
[Round "5.107"]
[White "Ojas, Kulkarni"]
[Black "Ankitha, Goud Palle"]
[Result "1-0"]
[BlackTitle "WCM"]
[WhiteElo "2196"]
[BlackElo "1980"]
[WhiteFideId "25040073"]
[BlackFideId "35036270"]
[EventDate "2022.12.12"]

1. c4 Nf6 2. g3 e5 3. Bg2 c6 4. d4 e4 5. Nc3 d5 6. Bg5 Na6 7. cxd5 cxd5 8. Bxf6
gxf6 9. Qb3 Nc7 10. f3 f5 11. Nh3 Bh6 12. O-O O-O 13. Rad1 b6 14. fxe4 fxe4 15.
Nf4 Be6 16. e3 Qd7 17. Rd2 Rad8 18. Rdf2 Qd6 19. Qd1 Qe7 20. h4 Qd7 21. Qh5 Bg7
22. Nxe6 fxe6 23. Nxe4 dxe4 24. Bxe4 Bh8 25. Bxh7+ Qxh7 26. Rxf8+ 1-0

[Event "9th Sunway Sitges 2022"]
[Site "Sitges ESP"]
[Date "2022.12.16"]
[Round "5.108"]
[White "Chia, Yu Zhe Ashton"]
[Black "Gasic Merino, Franco"]
[Result "1-0"]
[WhiteElo "1970"]
[BlackElo "2195"]
[WhiteFideId "5821304"]
[BlackFideId "3414370"]
[EventDate "2022.12.12"]

1. e4 c5 2. c3 d5 3. exd5 Nf6 4. Qa4+ Nbd7 5. c4 b5 6. Qxb5 Rb8 7. Qa4 e6 8. d3
exd5 9. Be2 Bd6 10. Nf3 O-O 11. Qc2 Re8 12. Nc3 Ne5 13. cxd5 Nfg4 14. Ne4 f5 15.
Bg5 Qb6 16. Nxe5 Bxe5 17. Bxg4 fxe4 18. Bxc8 exd3 19. Qxd3 Bc3+ 20. Kf1 Qxb2 21.
Rd1 Rbxc8 22. d6 Bd4 23. Bh4 Rf8 24. Qb3+ Qxb3 25. axb3 Rf7 26. Ke2 Rc6 27. Be7
Rxf2+ 28. Kd3 Bf6 29. Rhe1 Kf7 30. Kc4 Rf4+ 31. Kd5 Rb6 32. Bxf6 Rxf6 33. Kxc5
Rb8 34. Re7+ Kf8 35. Rxa7 Rf2 36. d7 Rd8 37. Ra4 Rxg2 38. Rf4+ Ke7 39. Re4+ Kf7
40. Kb6 Rc2 41. Rc4 Ra2 42. Kc7 Raa8 43. Ra4 Rab8 44. Rdd4 Rg8 45. d8=Q Rgxd8
46. Rxd8 Rxb3 47. Rd7+ Kf6 48. Ra6+ Kf5 49. Rxg7 Rh3 50. Ra2 h5 51. Rf2+ Ke4 52.
Rg3 Rh4 53. Kd6 Kd4 54. Ra2 Ke4 55. Ra4+ Kf5 56. Rxh4 1-0

[Event "9th Sunway Sitges 2022"]
[Site "Sitges ESP"]
[Date "2022.12.16"]
[Round "5.110"]
[White "Verbruggen, Samuel"]
[Black "Levi, Netanel"]
[Result "0-1"]
[WhiteElo "1963"]
[BlackElo "2179"]
[WhiteFideId "203181"]
[BlackFideId "2815400"]
[EventDate "2022.12.12"]

1. e4 c5 2. Nf3 d6 3. d4 cxd4 4. Nxd4 Nf6 5. Nc3 Nc6 6. Bg5 e6 7. Qd2 a6 8.
O-O-O Bd7 9. f3 Nxd4 10. Qxd4 Be7 11. Be3 h5 12. g3 b5 13. h3 Rb8 14. Bg2 b4 15.
Ne2 e5 16. Qd3 Be6 17. Kb1 Qa5 18. Nc1 d5 19. exd5 Nxd5 20. Bd2 Nc3+ 21. Bxc3
bxc3 22. Nb3 Bxb3 23. Qd7+ Kf8 24. cxb3 c2+ 25. Kxc2 Qxa2 26. Rd3 Rh6 27. Qa4
Qxa4 28. bxa4 Rhb6 29. b3 Rc6+ 30. Rc3 Rxc3+ 31. Kxc3 Rc8+ 32. Kb2 Bc5 33. f4
Bd4+ 34. Kb1 Rc3 35. Bd5 Rxg3 36. fxe5 Bxe5 37. Rf1 f6 38. Rf3 Rg1+ 39. Kc2 a5
40. Kd3 g5 41. Kc4 g4 42. hxg4 hxg4 43. Rf2 Rc1+ 44. Kb5 Bd4 45. Rf4 Rc5+ 46.
Kb6 Rxd5+ 47. Kc6 Rd6+ 0-1

[Event "9th Sunway Sitges 2022"]
[Site "Sitges ESP"]
[Date "2022.12.16"]
[Round "5.111"]
[White "Uber Gracia, Hugo"]
[Black "Voiteanu, Gabriel"]
[Result "0-1"]
[BlackTitle "FM"]
[WhiteElo "1931"]
[BlackElo "2152"]
[WhiteFideId "54720079"]
[BlackFideId "1208810"]
[EventDate "2022.12.12"]

1. e4 e5 2. Nf3 Nc6 3. Bc4 Bc5 4. O-O d6 5. d3 Bg4 6. c3 Nf6 7. Be3 O-O 8. Nbd2
Nd7 9. b4 Bb6 10. a4 a5 11. b5 Ne7 12. Qb3 Nc5 13. Qa2 Ng6 14. h3 Bd7 15. Ng5
Qf6 16. d4 Ne6 17. Nxe6 Bxe6 18. Bxe6 Qxe6 19. Qxe6 fxe6 20. Nc4 Ba7 21. dxe5
Bxe3 22. fxe3 d5 23. exd5 exd5 24. Rxf8+ Kxf8 25. Na3 Nxe5 26. Rd1 Rd8 27. e4 c6
28. Kf2 Ke7 29. bxc6 bxc6 30. Ke3 Ke6 31. c4 Rd7 32. cxd5+ cxd5 33. Rd4 Nc6 34.
exd5+ Rxd5 35. Re4+ Kd6 36. Rc4 Ne5 37. Rc3 Rc5 38. Rb3 Kd5 39. Nb5 Rc4 40. Nc3+
Kc6 41. Rb8 Rxc3+ 42. Kd4 Rg3 43. Kxe5 Rxg2 44. Ke6 Rg3 45. Rb5 Rxh3 46. Rxa5
Rg3 47. Rh5 h6 48. a5 Rg1 49. Ke5 Kb5 50. Kf4+ Ka6 51. Rd5 Rb1 52. Rd7 Rb7 53.
Rd5 Rb5 54. Rd7 Rg5 55. Rd8 Kxa5 56. Rb8 Rg1 57. Kf3 h5 58. Rh8 Rg5 59. Kf4 Rg4+
60. Kf3 g6 61. Rb8 Rg5 62. Kf4 Rg1 63. Kf3 h4 64. Kf2 Rg4 65. Kf3 Rg3+ 66. Kf2
g5 67. Rb7 Ka4 68. Rb8 Rg4 69. Kf3 Rf4+ 70. Kg2 g4 71. Rh8 g3 72. Kh3 Kb4 73.
Rg8 Kc4 74. Rg7 Kd4 75. Rg8 Ke3 76. Rg7 Ke2 77. Rg8 Kf1 78. Ra8 Kg1 79. Ra1+ Rf1
80. Ra2 Kh1 81. Rb2 g2 82. Rxg2 Rf3+ 83. Kg4 Kxg2 0-1

[Event "9th Sunway Sitges 2022"]
[Site "Sitges ESP"]
[Date "2022.12.16"]
[Round "5.112"]
[White "Priyanka, K"]
[Black "Renganayaki Venkatesh"]
[Result "1-0"]
[WhiteTitle "WIM"]
[WhiteElo "2146"]
[BlackElo "1978"]
[WhiteFideId "5082986"]
[BlackFideId "25705407"]
[EventDate "2022.12.12"]

1. e4 e5 2. Nf3 Nc6 3. Bc4 Bc5 4. b4 Bxb4 5. c3 Be7 6. d4 Na5 7. Nxe5 Nxc4 8.
Nxc4 d5 9. exd5 Qxd5 10. Ne3 Qa5 11. O-O Nf6 12. Re1 Qa6 13. Nd2 O-O 14. Nf3 Rd8
15. Qc2 Bf8 16. Bb2 Nd5 17. c4 Nxe3 18. Rxe3 Qg6 19. Qc3 Bd6 20. d5 Bd7 21. c5
Bf4 22. Re4 Bh6 23. Rae1 f6 24. Re7 Rac8 25. Qb3 Kh8 26. Qxb7 Bh3 27. Nh4 Qg4
28. Qxc7 Bf4 29. Qxd8+ 1-0

[Event "9th Sunway Sitges 2022"]
[Site "Sitges ESP"]
[Date "2022.12.16"]
[Round "5.113"]
[White "Jove Albaiges, Guillem"]
[Black "Leftheriotis, Alexandros"]
[Result "0-1"]
[WhiteElo "1922"]
[BlackElo "2143"]
[WhiteFideId "54720117"]
[BlackFideId "25820770"]
[EventDate "2022.12.12"]

1. d4 Nf6 2. c4 g6 3. Nc3 Bg7 4. Nf3 d6 5. g3 O-O 6. Bg2 c5 7. O-O Nc6 8. d5 Na5
9. Nd2 e6 10. e4 exd5 11. cxd5 a6 12. Qc2 b5 13. h3 Re8 14. f4 Bd7 15. Nf3 b4
16. e5 bxc3 17. exf6 Qxf6 18. bxc3 Qxc3 19. Qxc3 Bxc3 20. Rb1 Bf5 21. Rb6 Bd3
22. Rxd6 Bxf1 23. Bxf1 c4 24. Nd2 Bb4 25. Rd7 Re1 0-1

[Event "9th Sunway Sitges 2022"]
[Site "Sitges ESP"]
[Date "2022.12.17"]
[Round "6.1"]
[White "Alekseenko, Kirill"]
[Black "Karthikeyan, Murali"]
[Result "1-0"]
[WhiteTitle "GM"]
[BlackTitle "GM"]
[WhiteElo "2672"]
[BlackElo "2620"]
[WhiteFideId "4135539"]
[BlackFideId "5074452"]
[EventDate "2022.12.12"]

1. e4 c5 2. Nf3 Nc6 3. Bb5 e6 4. Bxc6 bxc6 5. d3 Qc7 6. O-O Ne7 7. Re1 e5 8. c3
d6 9. d4 Ng6 10. dxc5 dxc5 11. Nbd2 Be7 12. Nc4 O-O 13. Be3 Be6 14. Qa4 a5 15.
Nfd2 Qb7 16. b3 Rfd8 17. Nb2 Qc8 18. f3 h5 19. Rad1 Nh4 20. Nbc4 Bh3 21. Re2
Bxg2 22. Rxg2 Nxg2 23. Kxg2 Qe6 24. Nb2 Rd6 25. Qc4 Qg6+ 26. Kh1 Bg5 27. Qxc5
Rad8 28. Rg1 Bxe3 29. Qxe3 Qxg1+ 30. Qxg1 Rxd2 31. Qb6 R8d7 32. Qxc6 Rd8 33. Qc7
R8d7 34. Qxe5 Rd8 35. Qe7 1-0

[Event "9th Sunway Sitges 2022"]
[Site "Sitges ESP"]
[Date "2022.12.17"]
[Round "6.2"]
[White "Niemann, Hans Moke"]
[Black "Petrosyan, Manuel"]
[Result "1/2-1/2"]
[WhiteTitle "GM"]
[BlackTitle "GM"]
[WhiteElo "2698"]
[BlackElo "2621"]
[WhiteFideId "2093596"]
[BlackFideId "13300857"]
[EventDate "2022.12.12"]

1. e4 e5 2. Nf3 Nc6 3. Bb5 Nf6 4. O-O Nxe4 5. Re1 Nd6 6. Nxe5 Be7 7. Bf1 Nxe5 8.
Rxe5 O-O 9. d4 Bf6 10. Re1 Re8 11. c3 Rxe1 12. Qxe1 Ne8 13. a4 a5 14. Bf4 d5 15.
Nd2 Nd6 16. Nf3 Bf5 17. Ne5 Bg5 18. Qe3 Bxf4 19. Qxf4 f6 20. Ng4 c6 21. Ne3 Bg6
22. Be2 Qe7 23. Bg4 Re8 24. h4 Nc4 25. Nxc4 dxc4 26. Bf3 Bf7 27. Qf5 Qd8 28. Qc5
Bd5 29. Bxd5+ Qxd5 30. Qxd5+ cxd5 31. Kf1 Re6 32. Rb1 1/2-1/2

[Event "9th Sunway Sitges 2022"]
[Site "Sitges ESP"]
[Date "2022.12.17"]
[Round "6.3"]
[White "Grigoryan, Karen H."]
[Black "Demchenko, Anton"]
[Result "1-0"]
[WhiteTitle "GM"]
[BlackTitle "GM"]
[WhiteElo "2619"]
[BlackElo "2632"]
[WhiteFideId "13301004"]
[BlackFideId "4160258"]
[EventDate "2022.12.12"]

1. g3 e5 2. c4 Nc6 3. Bg2 Bc5 4. Nc3 d6 5. d3 a6 6. Nf3 Nf6 7. h3 h6 8. e3 Ba7
9. b3 Ne7 10. d4 exd4 11. Nxd4 c6 12. Bb2 O-O 13. Qd2 Re8 14. Rd1 Bd7 15. Nde2
b5 16. Qxd6 bxc4 17. Na4 Be6 18. Qf4 Qa5+ 19. Bc3 Qg5 20. bxc4 Qxf4 21. Nxf4
Bxc4 22. Bxf6 gxf6 23. Nh5 Red8 24. Nxf6+ Kg7 25. Nh5+ Kf8 26. Rc1 Bxa2 27. O-O
Bb3 28. Ra1 a5 29. Rfc1 Rab8 30. Nc3 Bb6 31. Nf4 Bc7 32. Nce2 a4 33. Nd4 Bxf4
34. gxf4 Rxd4 35. exd4 Rb4 36. Bxc6 Rxd4 37. Bf3 Nd5 38. f5 Kg7 39. Rc6 Rf4 40.
Bd1 Nb4 41. Rc3 Bxd1 42. Rxd1 Rxf5 43. Ra1 Ra5 44. Rc4 Nd3 45. Raxa4 Rf5 46.
Rg4+ Kf8 47. Rgd4 Ne5 48. Rf4 Rg5+ 49. Kh2 Ng6 50. Rf3 Rb5 51. Ra7 Ne7 52. Ra6
Ng8 53. Ra8+ Kg7 54. Rg3+ Rg5 55. h4 Rg6 56. Rxg6+ fxg6 57. Kg3 h5 58. Ra7+ Kf6
59. Kf4 Nh6 60. Ra5 Nf7 61. Ra6+ Kg7 62. f3 Kh7 63. Ke4 Kg7 64. Kd5 Nh6 65. Ke6
Nf5 66. Ra4 Ne3 67. Rf4 Kh6 68. Kf7 Kh7 69. Rf6 Ng2 70. Rxg6 Nxh4 71. Rg3 1-0

[Event "9th Sunway Sitges 2022"]
[Site "Sitges ESP"]
[Date "2022.12.17"]
[Round "6.4"]
[White "Yu, Yangyi"]
[Black "Safarli, Eltaj"]
[Result "1-0"]
[WhiteTitle "GM"]
[BlackTitle "GM"]
[WhiteElo "2728"]
[BlackElo "2616"]
[WhiteFideId "8603820"]
[BlackFideId "13402129"]
[EventDate "2022.12.12"]

1. Nf3 Nf6 2. c4 e6 3. g3 d5 4. Bg2 Be7 5. O-O O-O 6. d4 dxc4 7. Qa4 a6 8. Qxc4
b5 9. Qc2 Bb7 10. Bd2 Be4 11. Qc1 Nc6 12. Be3 Rc8 13. Nbd2 Bd5 14. Rd1 h6 15. h3
a5 16. Ne5 Nxe5 17. dxe5 Nd7 18. Bxd5 exd5 19. Nf3 c6 20. Bxh6 gxh6 21. Qxh6 Nc5
22. Nd4 Qd7 23. Qh5 f5 24. Qg6+ Kh8 25. Qh6+ Kg8 26. Qg6+ Kh8 27. Rac1 Qe8 28.
Qh6+ Kg8 29. e3 Ne4 30. Rxc6 Rxc6 31. Qxc6 Qxc6 32. Nxc6 Kf7 33. Rxd5 Rc8 34.
Nd4 Rc1+ 35. Kg2 Bc5 36. e6+ Kg6 37. Re5 Bxd4 38. exd4 Nd6 39. e7 Kf7 40. e8=Q+
Nxe8 41. Rxf5+ Nf6 42. Rxb5 a4 43. Rb4 a3 44. bxa3 Rc2 45. Rb3 Rd2 46. Kf3 Rxd4
47. Ke2 Ra4 48. h4 Nd7 49. f4 Rc4 50. Kf3 Nc5 51. Re3 Ne6 52. h5 Kf6 53. Kg4 Rc2
54. Re5 Rxa2 55. Rf5+ Kg7 56. Ra5 Nd4 57. Ra7+ Kh6 58. Ra6+ Kh7 59. Ra4 Ne2 60.
Kg5 Nxg3 61. Ra7+ Kg8 62. Kg6 Kf8 63. h6 Rg2 64. h7 Ne4+ 65. Kf5 Ng3+ 66. Kf6 1-0

[Event "9th Sunway Sitges 2022"]
[Site "Sitges ESP"]
[Date "2022.12.17"]
[Round "6.5"]
[White "Tin, Jingyao"]
[Black "Van Foreest, Jorden"]
[Result "1-0"]
[WhiteTitle "GM"]
[BlackTitle "GM"]
[WhiteElo "2562"]
[BlackElo "2690"]
[WhiteFideId "5804418"]
[BlackFideId "1039784"]
[EventDate "2022.12.12"]

1. d4 Nf6 2. c4 g6 3. Nc3 d5 4. Nf3 Bg7 5. Qb3 dxc4 6. Qxc4 O-O 7. e4 Bg4 8. Be3
Nfd7 9. Rd1 Nc6 10. h3 Bxf3 11. gxf3 e6 12. f4 Nb6 13. Qc5 a5 14. Bg2 Nb8 15. h4
N8d7 16. Qg5 Nc4 17. b3 Nxe3 18. fxe3 c5 19. Qxd8 Rfxd8 20. e5 cxd4 21. exd4 Bf8
22. O-O Nb6 23. a4 Rd7 24. h5 Rad8 25. Nb5 Nc8 26. hxg6 hxg6 27. Rc1 b6 28. Bc6
Re7 29. Kf2 Na7 30. Ke3 Nxb5 31. Bxb5 Rb7 32. Rc2 Rbb8 33. Ke4 Kg7 34. Rc7 Ba3
35. Bd7 Kf8 36. Rh1 Kg8 37. Rh2 Bf8 38. Rg2 Kh8 39. Rh2+ Kg8 40. Rg2 Kh8 41. Kd3
Ba3 42. Rg1 Kg8 43. Rg2 Kh8 44. d5 exd5 45. f5 Bc1 46. Rxc1 1-0

[Event "9th Sunway Sitges 2022"]
[Site "Sitges ESP"]
[Date "2022.12.17"]
[Round "6.6"]
[White "Moussard, Jules"]
[Black "Svane, Frederik"]
[Result "1/2-1/2"]
[WhiteTitle "GM"]
[BlackTitle "GM"]
[WhiteElo "2684"]
[BlackElo "2568"]
[WhiteFideId "642908"]
[BlackFideId "12923044"]
[EventDate "2022.12.12"]

1. e4 e5 2. Nf3 Nc6 3. Bc4 Nf6 4. d3 Bc5 5. Nc3 h6 6. h3 a6 7. a4 d6 8. Be3 O-O
9. O-O Bxe3 10. fxe3 Be6 11. b3 Na5 12. Qd2 Bd7 13. Nd5 Nxd5 14. Bxd5 c6 15.
Bxf7+ Rxf7 16. b4 Qc7 17. bxa5 Raf8 18. Nh2 c5 19. Rxf7 Rxf7 20. Nf1 Qd8 21. Qe1
Qe8 22. Ng3 g6 23. Qd2 Bxa4 24. d4 Bc6 25. dxc5 dxc5 26. Qd6 Kg7 27. Qxc5 Qe7
28. Qxe7 Rxe7 29. Kf2 Rc7 30. Ke1 Bb5 31. Kd2 Rf7 32. Ke1 Rc7 33. Kd2 Kf6 34. h4
h5 35. Rb1 Rc5 36. Ra1 Rc4 37. Rf1+ Ke7 38. Ra1 Kd6 39. Rf1 Ke7 40. Ra1 Ke6 41.
Ra3 Bc6 42. Kd3 Bb5 43. Kd2 Rb4 44. Ra1 Kd6 45. Ne2 Rxe4 46. Nc3 Rg4 47. Nxb5+
axb5 48. Rf1 Rxg2+ 49. Kd3 Rg4 50. Rf6+ Kc5 51. Re6 Kd5 52. Rb6 Rxh4 53. Rxb5+
Kc6 1/2-1/2

[Event "9th Sunway Sitges 2022"]
[Site "Sitges ESP"]
[Date "2022.12.17"]
[Round "6.7"]
[White "Esipenko, Andrey"]
[Black "Arjun, Kalyan"]
[Result "1-0"]
[WhiteTitle "GM"]
[BlackTitle "GM"]
[WhiteElo "2678"]
[BlackElo "2505"]
[WhiteFideId "24175439"]
[BlackFideId "35018701"]
[EventDate "2022.12.12"]

1. Nf3 d5 2. g3 Bg4 3. Bg2 c6 4. O-O Nd7 5. h3 Bh5 6. d3 Ngf6 7. Qe1 e5 8. e4
Be7 9. exd5 Bxf3 10. Bxf3 Nxd5 11. Nc3 Nxc3 12. Qxc3 O-O 13. a4 a5 14. h4 Qb6
15. Qc4 Qd4 16. Qa2 Bc5 17. Bd2 Qd6 18. Qb3 Bb4 19. Be3 Rab8 20. Kg2 Nc5 21. Qc4
Ne6 22. c3 Bc5 23. Rfe1 Rbd8 24. Rad1 Bxe3 25. Rxe3 Rfe8 26. Rde1 Nc7 27. Qb3 b5
28. d4 exd4 29. Rxe8+ Nxe8 30. axb5 cxb5 31. Qxb5 Nc7 32. Qxa5 d3 33. c4 g6 34.
Rd1 Na6 35. h5 Nb4 36. h6 Rc8 37. Qa3 Qf8 38. Qc3 Rb8 39. c5 Qxh6 40. c6 Nxc6
41. Bxc6 Rc8 42. b4 Qg5 43. Rxd3 1-0